Just Dance - Coachs (#1) - Statistiques

Statistiques générales
  • Ce quiz a été pris 66 fois
  • Le résultat moyen est 10 sur 20
Statistiques - réponses
Par images Réponse % Correct
Rasputin
92%
Papaoutai
83%
Starships
72%
Chiwawa
60%
Applause
58%
Circus
58%
Don't Stop Me Now
55%
7 rings
53%
Born This Way
49%
Disturbia
49%
Human
49%
Sweet Melody
47%
Beggin
45%
Love Me Land
43%
Training Season
43%
Black Widow
42%
Shaky Shaky
42%
Sissy That Walk
36%
U Can't Touch This
30%
I'm an Albatraoz
28%
Aucun quiz correspondant
Distribution des résultats
% des personnes avec chaque résultat
Percentile par nombre de réponses
Votre historique - résultats
Vous n’avez pas pris ce quiz